|
|
|
|
| LEADER |
00000nab a2200000 a 4500 |
| 001 |
vtls000602419 |
| 003 |
SK-MaSNL |
| 005 |
20260304085102.0 |
| 008 |
250425c1996 xo 0 slo |
| 015 |
|
|
|a SNBRB19rr/mm-uuuuu
|
| 035 |
|
|
|a CL0602558
|
| 035 |
|
|
|a urn:nbn:sk:snk-ab74dm
|
| 035 |
|
|
|a (uuid)d5d7936b-90c4-47b5-a5e0-337021264338
|
| 035 |
|
|
|a (urnnbn)urn:nbn:sk:snk:ar-a06t6m
|
| 035 |
|
|
|a (sysno)vtls000602419
|
| 040 |
|
|
|a SNKBUCL
|b slo
|c SNKBUCL
|e AACR2
|
| 041 |
0 |
|
|a slo
|
| 044 |
|
|
|a xo
|c SK
|
| 080 |
|
|
|a 347.44:347.23
|2 1981
|
| 080 |
|
|
|a 347.23
|2 1981
|
| 245 |
0 |
0 |
|a Povinnosť intabulácie pred 1. 1. 1951 ohľadne skôr uzavretých zmlúv o prevode nehnuteľností
|
| 500 |
|
|
|a Kolektív autorov: Eva Babiaková, Peter Dukes, Jaroslav Krajčo, Milan Ľalík, Štefan Minárik
|
| 650 |
0 |
7 |
|a nehnuteľnosti
|2 snkbucl
|9 3653
|
| 650 |
0 |
7 |
|a prevod nehnuteľností
|2 snkbucl
|9 891136
|
| 650 |
0 |
7 |
|a zmluvy
|2 snkbucl
|9 297422
|
| 650 |
0 |
7 |
|a intatulácia
|2 snkbucl
|9 1378155
|
| 655 |
|
7 |
|a články z novín a časopisov
|2 snkbucl
|9 267496
|
| 773 |
0 |
|
|t Zo súdnej praxe
|g Č. 3 (1996), s. 74-75
|x 1335-177X
|
| 850 |
|
|
|a Slovenská národná knižnica
|
| 852 |
|
|
|a Slovenská národná knižnica
|
| 954 |
|
|
|a odborná, vedecká literatúra pôvodná (slovenská)
|2 lita
|
| 958 |
|
|
|a article27
|
| 958 |
|
|
|a SK
|
| 958 |
|
|
|a RK
|
| 958 |
|
|
|a OND
|
| 958 |
|
|
|a EUIPO
|
| 992 |
|
|
|a RBX
|
| 999 |
|
|
|c 2806449
|d 2808379
|